Expresión Oral

Gespeichert in:
Bibliographische Detailangaben
1. Verfasser: García-Caeiro, Ignasi
Weitere Verfasser: Vilà, Montserrat
Format: Buch
Erschienen: Madrid Alhambra 1987
Ausgabe:
Katalog:MANES:  Suchergebnis im Bibliothekskatalog
Schulbuchspezifische Eigenschaften:
Tags: Tag hinzufügen
Keine Tags, Fügen Sie den ersten Tag hinzu!
Hinzugefügt zu:28.09.2020
Geändert in:07.05.2025

MARC

LEADER 00000nam a22000007a 4500
005 20250507133355.0
008 200929b ||||| |||| 00| 0 sp d
561 |5 es-CICE  |3 FMa/L228  |a España. Centro Internacional de la Cultura Escolar  |k MANES 
999 |c 88749  |d 88749 
040 |a centro_manes  |c Centro_internacional de la cultura escolar 
100 |a García-Caeiro, Ignasi  |9 31297 
245 |a Expresión Oral 
250 |a 1ª 
260 |a Madrid  |b Alhambra  |c 1987 
300 |a 135 p.  |c 22.5x12 cm 
500 |a Dirigido al profesorado. Contiene ilustraciones en blanco y negro y ejercicios.  
546 |a España 
690 0 |a LEN 
691 0 |a SE 
700 |a Vilà, Montserrat  |9 31298 
942 |2 ddc  |c BK 
999 |c manes:88749  |d 88749